MARC

LEADER 00000nam0a2200000 4500
001 316360
005 20231102002852.0
035 |a (RuTPU)RU\TPU\book\341798 
035 |a RU\TPU\book\56647 
090 |a 316360 
100 |a 20160318d1958 k y0rusy50 ca 
101 0 |a rus 
102 |a RU 
105 |a a z 001zy 
200 1 |a Теория импульсных систем  |f Я. З. Цыпкин 
210 |a Москва  |c Физматгиз  |d 1958 
215 |a 724 с.  |c ил. 
320 |a Библиогр.: с. 701-719 
320 |a Предметный указатель: с. 720-724 
606 1 |a Импульсные системы  |x Расчет  |2 stltpush  |3 (RuTPU)RU\TPU\subj\12438  |9 39218 
610 1 |a применение 
610 1 |a теория 
610 1 |a линейные системы 
610 1 |a преобразования Лапласа 
610 1 |a теоремы 
610 1 |a решение 
610 1 |a разностные уравнения 
610 1 |a функции 
610 1 |a разомкнутые импульсные системы 
610 1 |a исследование 
610 1 |a расчеты 
610 1 |a замкнутые импульсные системы 
675 |a 621.374  |v 4 
700 1 |a Цыпкин  |b Я. З.  |g Яков Залманович 
801 1 |a RU  |b 63413507  |c 20030627  |g PSBO 
801 2 |a RU  |b 63413507  |c 20171026  |g PSBO 
942 |c BK